[Event "Santa Margalida Mallorca-ch"]
[Site "Santa Margalida"]
[Date "2016.11.12"]
[Round "2"]
[White "Vicens Company, Francesc"]
[Black "Nadal Bestard, Sebastian"]
[Result "1-0"]
[WhiteElo "1599"]
[BlackElo "1822"]
[PlyCount "69"]
[EventDate "2016.11.11"]
[EventType "swiss"]
[EventRounds "8"]
[EventCountry "ESP"]
[SourceTitle "EXT 2018"]
[Source "ChessBase"]
[SourceDate "2017.10.13"]
[SourceVersion "1"]
[SourceVersionDate "2017.10.13"]
[SourceQuality "1"]

1. d4 c5 2. d5 d6 3. e4 g6 4. Be2 Bg7 5. Nf3 Nf6 6. Nc3 Nbd7 7. 0-0 0-0 8. Nh4 a6 9. f4 b5 10. Bf3 Nb6 11. Ne2 Bb7 12. g3 e6 13. dxe6 fxe6 14. e5 Nfd5 15. exd6 Qxd6 16. c3 Rad8 17. Qc2 Qe7 18. Ng2 Ba8 19. b3 b4 20. Bb2 bxc3 21. Nxc3 Bd4+ 22. Kh1 Ne3 23. Nxe3 Bxe3 24. Bxa8 Rd2 25. Qe4 Rxa8 26. Bc1 Rd4 27. Qxe3 Rad8 28. Qe1 Nd5 29. Nxd5 R8xd5 30. Be3 Rd3 31. Qe2 Qd7 32. Rac1 Qb5 33. Kg1 Kf7 34. Qf2 Qb7 35. Rxc5 1-0